000 00882nam a2200229 a 4500
001 41306
003 BD-RjUL
005 20211209053349.0
008 160528s1977 xxu||||| |||| 00| 0 ben d
020 _c: TK 30.00
035 _a(BD-RjUL)41423
040 _aBD-RjUL
_bben
_cBD-RjUL
041 _aben
082 _223
_a891.4409
_bSHM 1977
100 _aশরীফ, আহমদ
_9127052
245 1 0 _aমধ্যযুগের সাহিত্যে সমাজ ও সংস্কৃতির রুপ /
_cআহমদ শরীফ
260 _aঢাকা :
_bমুক্তধারা,
_c১৯৭৭
300 _a৪৪৭ পৃ. ;
_c২১ সেমি.
650 _aবাংলা সাহিত্য
_xইতিহাস ও সমালোচনা
_9127053
650 _aBengali Literature
_xHistory & Criticism
_9127054
942 _2ddc
_cBK
999 _c41306
_d41306